<?xml version="1.0" encoding="UTF-8"?>
<record
    xmlns:xsi="http://www.w3.org/2001/XMLSchema-instance"
    xsi:schemaLocation="http://www.loc.gov/MARC21/slim http://www.loc.gov/standards/marcxml/schema/MARC21slim.xsd"
    xmlns="http://www.loc.gov/MARC21/slim">

  <leader>00758nam a2200205Ia 4500</leader>
  <controlfield tag="001">15445</controlfield>
  <controlfield tag="003">GE_BSU</controlfield>
  <controlfield tag="008">181216s||||||||xx |||||||||||||| ||und||</controlfield>
  <datafield tag="040" ind1=" " ind2=" ">
    <subfield code="c">GE_BSU</subfield>
  </datafield>
  <datafield tag="080" ind1=" " ind2=" ">
    <subfield code="a">821.353.1-1+821.353.1-11</subfield>
  </datafield>
  <datafield tag="100" ind1=" " ind2=" ">
    <subfield code="a">&#x10E9;&#x10D8;&#x10E5;&#x10DD;&#x10D5;&#x10D0;&#x10DC;&#x10D8;,&#x10E1;&#x10D8;&#x10DB;&#x10DD;&#x10DC;</subfield>
  </datafield>
  <datafield tag="245" ind1=" " ind2=" ">
    <subfield code="a">&#x10DA;&#x10D4;&#x10E5;&#x10E1;&#x10D4;&#x10D1;&#x10D8; &#x10D3;&#x10D0; &#x10DE;&#x10DD;&#x10D4;&#x10DB;&#x10D4;&#x10D1;&#x10D8;. &#x10EC;&#x10D8;&#x10D2;&#x10DC;&#x10D8; &#x10DE;&#x10D8;&#x10E0;&#x10D5;&#x10D4;&#x10DA;&#x10D8;: 1924-1933</subfield>
  </datafield>
  <datafield tag="245" ind1=" " ind2=" ">
    <subfield code="c">&#x10E0;&#x10D4;&#x10D3;.&#x10D1;&#x10DD;&#x10E0;&#x10D8;&#x10E1; &#x10E9;&#x10EE;&#x10D4;&#x10D8;&#x10EB;&#x10D4;. &#x10DB;&#x10EE;&#x10D0;&#x10E2;&#x10D5;.&#x10DC;.&#x10E9;&#x10D4;&#x10E0;&#x10DC;&#x10D8;&#x10E8;&#x10D9;&#x10DD;&#x10D5;&#x10D8;</subfield>
  </datafield>
  <datafield tag="260" ind1=" " ind2=" ">
    <subfield code="a">&#x10E2;&#x10E4;&#x10D8;&#x10DA;&#x10D8;&#x10E1;&#x10D8;</subfield>
  </datafield>
  <datafield tag="260" ind1=" " ind2=" ">
    <subfield code="b">&#x10E1;&#x10D0;&#x10EE;&#x10D4;&#x10DA;&#x10D2;&#x10D0;&#x10DB;&#x10D8;</subfield>
  </datafield>
  <datafield tag="260" ind1=" " ind2=" ">
    <subfield code="c">1933</subfield>
  </datafield>
  <datafield tag="300" ind1=" " ind2=" ">
    <subfield code="a">339&#x10D2;&#x10D5;.&#x10DE;&#x10DD;&#x10E0;&#x10E2;&#x10E0;.&#x10D3;&#x10D0; &#x10E4;&#x10D0;&#x10E5;&#x10E1;.18&#x10E1;&#x10DB;.</subfield>
  </datafield>
  <datafield tag="653" ind1=" " ind2=" ">
    <subfield code="a">&#x10DA;&#x10D4;&#x10E5;&#x10E1;&#x10D4;&#x10D1;&#x10D8; &#x10D3;&#x10D0; &#x10DE;&#x10DD;&#x10D4;&#x10DB;&#x10D4;&#x10D1;&#x10D8;.</subfield>
  </datafield>
  <datafield tag="942" ind1=" " ind2=" ">
    <subfield code="c">BK</subfield>
  </datafield>
  <datafield tag="999" ind1=" " ind2=" ">
    <subfield code="c">48548</subfield>
    <subfield code="d">48548</subfield>
  </datafield>
  <datafield tag="952" ind1=" " ind2=" ">
    <subfield code="0">0</subfield>
    <subfield code="1">0</subfield>
    <subfield code="4">0</subfield>
    <subfield code="7">0</subfield>
    <subfield code="9">63828</subfield>
    <subfield code="d">2018-12-17</subfield>
    <subfield code="p">38559</subfield>
    <subfield code="r">2018-12-17</subfield>
    <subfield code="w">2018-12-17</subfield>
    <subfield code="y">BK</subfield>
  </datafield>
  <datafield tag="952" ind1=" " ind2=" ">
    <subfield code="0">0</subfield>
    <subfield code="1">0</subfield>
    <subfield code="4">0</subfield>
    <subfield code="7">0</subfield>
    <subfield code="9">63829</subfield>
    <subfield code="d">2018-12-17</subfield>
    <subfield code="p">38560</subfield>
    <subfield code="r">2018-12-17</subfield>
    <subfield code="w">2018-12-17</subfield>
    <subfield code="y">BK</subfield>
  </datafield>
  <datafield tag="952" ind1=" " ind2=" ">
    <subfield code="0">0</subfield>
    <subfield code="1">0</subfield>
    <subfield code="4">0</subfield>
    <subfield code="7">0</subfield>
    <subfield code="9">63830</subfield>
    <subfield code="d">2018-12-17</subfield>
    <subfield code="p">38561</subfield>
    <subfield code="r">2018-12-17</subfield>
    <subfield code="w">2018-12-17</subfield>
    <subfield code="y">BK</subfield>
  </datafield>
  <datafield tag="952" ind1=" " ind2=" ">
    <subfield code="0">0</subfield>
    <subfield code="1">0</subfield>
    <subfield code="4">0</subfield>
    <subfield code="7">0</subfield>
    <subfield code="9">63831</subfield>
    <subfield code="d">2018-12-17</subfield>
    <subfield code="p">38562</subfield>
    <subfield code="r">2018-12-17</subfield>
    <subfield code="w">2018-12-17</subfield>
    <subfield code="y">BK</subfield>
  </datafield>
  <datafield tag="952" ind1=" " ind2=" ">
    <subfield code="0">0</subfield>
    <subfield code="1">0</subfield>
    <subfield code="4">0</subfield>
    <subfield code="7">0</subfield>
    <subfield code="9">63832</subfield>
    <subfield code="d">2018-12-17</subfield>
    <subfield code="p">38563</subfield>
    <subfield code="r">2018-12-17</subfield>
    <subfield code="w">2018-12-17</subfield>
    <subfield code="y">BK</subfield>
  </datafield>
  <datafield tag="952" ind1=" " ind2=" ">
    <subfield code="0">0</subfield>
    <subfield code="1">0</subfield>
    <subfield code="4">0</subfield>
    <subfield code="7">0</subfield>
    <subfield code="9">63833</subfield>
    <subfield code="d">2018-12-17</subfield>
    <subfield code="p">38564</subfield>
    <subfield code="r">2018-12-17</subfield>
    <subfield code="w">2018-12-17</subfield>
    <subfield code="y">BK</subfield>
  </datafield>
  <datafield tag="952" ind1=" " ind2=" ">
    <subfield code="0">0</subfield>
    <subfield code="1">0</subfield>
    <subfield code="4">0</subfield>
    <subfield code="7">0</subfield>
    <subfield code="9">63834</subfield>
    <subfield code="d">2018-12-17</subfield>
    <subfield code="p">38565</subfield>
    <subfield code="r">2018-12-17</subfield>
    <subfield code="w">2018-12-17</subfield>
    <subfield code="y">BK</subfield>
  </datafield>
  <datafield tag="952" ind1=" " ind2=" ">
    <subfield code="0">0</subfield>
    <subfield code="1">0</subfield>
    <subfield code="4">0</subfield>
    <subfield code="7">0</subfield>
    <subfield code="9">63835</subfield>
    <subfield code="d">2018-12-17</subfield>
    <subfield code="p">38566</subfield>
    <subfield code="r">2018-12-17</subfield>
    <subfield code="w">2018-12-17</subfield>
    <subfield code="y">BK</subfield>
  </datafield>
  <datafield tag="952" ind1=" " ind2=" ">
    <subfield code="0">0</subfield>
    <subfield code="1">0</subfield>
    <subfield code="4">0</subfield>
    <subfield code="7">0</subfield>
    <subfield code="9">63836</subfield>
    <subfield code="d">2018-12-17</subfield>
    <subfield code="p">38567</subfield>
    <subfield code="r">2018-12-17</subfield>
    <subfield code="w">2018-12-17</subfield>
    <subfield code="y">BK</subfield>
  </datafield>
  <datafield tag="952" ind1=" " ind2=" ">
    <subfield code="0">0</subfield>
    <subfield code="1">0</subfield>
    <subfield code="4">0</subfield>
    <subfield code="7">0</subfield>
    <subfield code="9">63837</subfield>
    <subfield code="d">2018-12-17</subfield>
    <subfield code="p">38568</subfield>
    <subfield code="r">2018-12-17</subfield>
    <subfield code="w">2018-12-17</subfield>
    <subfield code="y">BK</subfield>
  </datafield>
</record>
